| 000 -LEADER |
| fixed length control field |
01402nam a22002295i 4500 |
| 003 - CONTROL NUMBER IDENTIFIER |
| control field |
OSt |
| 005 - DATE AND TIME OF LATEST TRANSACTION |
| control field |
20240116162045.0 |
| 008 - FIXED-LENGTH DATA ELEMENTS--GENERAL INFORMATION |
| fixed length control field |
220805s2022 mau 000 0 eng |
| 010 ## - LIBRARY OF CONGRESS CONTROL NUMBER |
| LC control number |
2022944008 |
| 020 ## - INTERNATIONAL STANDARD BOOK NUMBER |
| International Standard Book Number |
9783035603323 |
| Qualifying information |
(paperback) |
| 042 ## - AUTHENTICATION CODE |
| Authentication code |
pcc |
| 082 ## - DEWEY DECIMAL CLASSIFICATION NUMBER |
| Classification number |
720 |
| Item number |
LUD |
| 100 1# - MAIN ENTRY--PERSONAL NAME |
| Personal name |
Ludwig, Ferdinand, |
| Relator term |
author. |
| 245 10 - TITLE STATEMENT |
| Title |
Growing architecture : |
| Remainder of title |
how to design and build with trees / |
| Statement of responsibility, etc |
Ferdinand Ludwig, Daniel Schönle. |
| 263 ## - PROJECTED PUBLICATION DATE |
| Projected publication date |
2211 |
| 300 ## - PHYSICAL DESCRIPTION |
| Extent |
pages cm |
| 520 ## - SUMMARY, ETC. |
| Summary, etc |
"A growing, living house, a building made of a plant seems to be a contradiction in terms. Nevertheless, the Khasi in eastern India already knew how to connect the branches of rubber trees to form footbridges, and in southern Germany dance lime trees formed the centre of villages for centuries. Following on from this, the new discipline of Baubotanik is dedicated to designing with trees. Built projects, prototypes and visionary concepts point the way to a new green architecture. This introduction shows the possibilities of such living constructions and goes into the botanical growth laws that guide the design. The basics of constructing with trees are presented. The book encourages a whole new look at architecture that becomes part of urban nature"-- |
| 700 1# - ADDED ENTRY--PERSONAL NAME |
| Personal name |
Schönle, Daniel, |
| Relator term |
author. |
| 906 ## - LOCAL DATA ELEMENT F, LDF (RLIN) |
| a |
0 |
| b |
ibc |
| c |
orignew |
| d |
2 |
| e |
epcn |
| f |
20 |
| g |
y-gencatlg |
| 942 ## - ADDED ENTRY ELEMENTS (KOHA) |
| Source of classification or shelving scheme |
|
| 955 ## - COPY-LEVEL INFORMATION (RLIN) |
| Book number/undivided call number, CCAL (RLIN) |
xd06 2022-08-05 |